<?xml version="1.0" encoding="UTF-8"?>
<collection xmlns="http://www.loc.gov/MARC21/slim">
 <record>
  <leader>02895pam a2200577 a 4500</leader>
  <controlfield tag="001">AALScienceDirectebook000006</controlfield>
  <controlfield tag="003">BD-DhAAL</controlfield>
  <controlfield tag="005">20191205133940.0</controlfield>
  <controlfield tag="006">m     o  d        </controlfield>
  <controlfield tag="007">cr |n|||||||||</controlfield>
  <controlfield tag="008">161026s2017    enk     ob    001 0 eng d</controlfield>
  <datafield tag="999" ind1=" " ind2=" ">
   <subfield code="c">41951</subfield>
   <subfield code="d">41951</subfield>
  </datafield>
  <datafield tag="020" ind1=" " ind2=" ">
   <subfield code="a">0128037539</subfield>
  </datafield>
  <datafield tag="020" ind1=" " ind2=" ">
   <subfield code="a">9780128037539</subfield>
  </datafield>
  <datafield tag="020" ind1=" " ind2=" ">
   <subfield code="z">0128037520</subfield>
  </datafield>
  <datafield tag="020" ind1=" " ind2=" ">
   <subfield code="z">9780128037522</subfield>
  </datafield>
  <datafield tag="035" ind1=" " ind2=" ">
   <subfield code="a">(OCoLC)961251627</subfield>
   <subfield code="z">(OCoLC)961308245</subfield>
   <subfield code="z">(OCoLC)962816108</subfield>
   <subfield code="z">(OCoLC)966566305</subfield>
   <subfield code="z">(OCoLC)967760879</subfield>
   <subfield code="z">(OCoLC)1058408599</subfield>
   <subfield code="z">(OCoLC)1105178280</subfield>
   <subfield code="z">(OCoLC)1105570282</subfield>
  </datafield>
  <datafield tag="040" ind1=" " ind2=" ">
   <subfield code="a">BD-DhAAL</subfield>
  </datafield>
  <datafield tag="050" ind1=" " ind2="4">
   <subfield code="a">RM301.35</subfield>
   <subfield code="b">.K46 2017</subfield>
  </datafield>
  <datafield tag="072" ind1=" " ind2="7">
   <subfield code="a">MED</subfield>
   <subfield code="x">023000</subfield>
   <subfield code="2">bisacsh</subfield>
  </datafield>
  <datafield tag="072" ind1=" " ind2="7">
   <subfield code="a">MED</subfield>
   <subfield code="x">058170</subfield>
   <subfield code="2">bisacsh</subfield>
  </datafield>
  <datafield tag="072" ind1=" " ind2="7">
   <subfield code="a">MED</subfield>
   <subfield code="x">071000</subfield>
   <subfield code="2">bisacsh</subfield>
  </datafield>
  <datafield tag="072" ind1=" " ind2="7">
   <subfield code="a">MED</subfield>
   <subfield code="x">072000</subfield>
   <subfield code="2">bisacsh</subfield>
  </datafield>
  <datafield tag="082" ind1="0" ind2="4">
   <subfield code="a">615.1</subfield>
   <subfield code="2">23</subfield>
  </datafield>
  <datafield tag="100" ind1="1" ind2=" ">
   <subfield code="a">Kenakin, Terry P.,</subfield>
   <subfield code="e">author.</subfield>
   <subfield code="9">38011</subfield>
  </datafield>
  <datafield tag="245" ind1="1" ind2="0">
   <subfield code="a">Pharmacology in drug discovery and development :</subfield>
   <subfield code="b">understanding drug response /</subfield>
   <subfield code="c">Terry P. Kenakin.</subfield>
   <subfield code="h">[electronic resource]</subfield>
  </datafield>
  <datafield tag="250" ind1=" " ind2=" ">
   <subfield code="a">Second edition.</subfield>
  </datafield>
  <datafield tag="260" ind1=" " ind2=" ">
   <subfield code="a">London :</subfield>
   <subfield code="b">Elsevier,</subfield>
   <subfield code="c">[2017]</subfield>
  </datafield>
  <datafield tag="260" ind1=" " ind2="4">
   <subfield code="c">�2017</subfield>
  </datafield>
  <datafield tag="300" ind1=" " ind2=" ">
   <subfield code="a">1 online resource</subfield>
  </datafield>
  <datafield tag="500" ind1=" " ind2=" ">
   <subfield code="a">&lt;strong&gt;Off-Campus Access:&lt;/strong&gt; Athens ID and Password Required</subfield>
  </datafield>
  <datafield tag="500" ind1=" " ind2=" ">
   <subfield code="a">&lt;strong&gt;On-Campus Access:&lt;/strong&gt; No User ID or Password Required</subfield>
  </datafield>
  <datafield tag="504" ind1=" " ind2=" ">
   <subfield code="a">Includes bibliographical references and index.</subfield>
  </datafield>
  <datafield tag="505" ind1="0" ind2=" ">
   <subfield code="a">1. Pharmacology: The Chemical Control of Physiology 2. The Process of Drug Discovery: Application of Pharmacological Principles 3. Drug Affinity and Efficacy 4. Predicting Agonist Effect 5. Drug Antagonism: Orthosteric Drug Effects 6. Allosteric Drug Effects 7. New Drug Screening 8. Enzymes as Drug Targets 9. Pharmacokinetics I: Permeation and Metabolism 10. Pharmacokinetics II: Distribution and Multiple Dosing 11. In Vivo Pharmacology 12. Safety Pharmacology Appendix -- Answers to Chapter Questions Derivations and Proofs</subfield>
  </datafield>
  <datafield tag="506" ind1=" " ind2=" ">
   <subfield code="a">Electronic access restricted to authorized BRAC University faculty, staff and students</subfield>
  </datafield>
  <datafield tag="538" ind1=" " ind2=" ">
   <subfield code="a">Mode of access: Internet</subfield>
  </datafield>
  <datafield tag="650" ind1=" " ind2="0">
   <subfield code="a">Developmental pharmacology.</subfield>
   <subfield code="9">38012</subfield>
  </datafield>
  <datafield tag="650" ind1=" " ind2="0">
   <subfield code="a">Drug development.</subfield>
   <subfield code="9">38013</subfield>
  </datafield>
  <datafield tag="650" ind1=" " ind2="0">
   <subfield code="a">Pharmacology.</subfield>
   <subfield code="9">38014</subfield>
  </datafield>
  <datafield tag="650" ind1=" " ind2="7">
   <subfield code="a">Developmental pharmacology.</subfield>
   <subfield code="2">fast</subfield>
   <subfield code="9">38012</subfield>
  </datafield>
  <datafield tag="650" ind1=" " ind2="7">
   <subfield code="a">Drug development.</subfield>
   <subfield code="2">fast</subfield>
   <subfield code="9">38013</subfield>
  </datafield>
  <datafield tag="650" ind1=" " ind2="7">
   <subfield code="a">MEDICAL</subfield>
   <subfield code="x">Drug Guides.</subfield>
   <subfield code="2">bisacsh</subfield>
   <subfield code="9">38015</subfield>
  </datafield>
  <datafield tag="650" ind1=" " ind2="7">
   <subfield code="a">MEDICAL</subfield>
   <subfield code="x">Nursing</subfield>
   <subfield code="x">Pharmacology.</subfield>
   <subfield code="2">bisacsh</subfield>
   <subfield code="9">38016</subfield>
  </datafield>
  <datafield tag="650" ind1=" " ind2="7">
   <subfield code="a">MEDICAL</subfield>
   <subfield code="x">Pharmacology.</subfield>
   <subfield code="2">bisacsh</subfield>
   <subfield code="9">38017</subfield>
  </datafield>
  <datafield tag="650" ind1=" " ind2="7">
   <subfield code="a">MEDICAL</subfield>
   <subfield code="x">Pharmacy.</subfield>
   <subfield code="2">bisacsh</subfield>
   <subfield code="9">38018</subfield>
  </datafield>
  <datafield tag="650" ind1=" " ind2="7">
   <subfield code="a">Pharmacology.</subfield>
   <subfield code="2">fast</subfield>
   <subfield code="9">38014</subfield>
  </datafield>
  <datafield tag="655" ind1=" " ind2="4">
   <subfield code="a">Electronic books.</subfield>
   <subfield code="9">38019</subfield>
  </datafield>
  <datafield tag="776" ind1="0" ind2="8">
   <subfield code="i">Print version:</subfield>
   <subfield code="z">9780128037522</subfield>
   <subfield code="z">0128037520</subfield>
   <subfield code="w">(OCoLC)950450105</subfield>
  </datafield>
  <datafield tag="856" ind1="4" ind2="0">
   <subfield code="z">Full text available on ScienceDirect</subfield>
   <subfield code="u">http://www.sciencedirect.com/science/book/9780128037522</subfield>
  </datafield>
  <datafield tag="942" ind1=" " ind2=" ">
   <subfield code="2">ddc</subfield>
   <subfield code="c">EBK</subfield>
  </datafield>
  <datafield tag="952" ind1=" " ind2=" ">
   <subfield code="0">0</subfield>
   <subfield code="1">0</subfield>
   <subfield code="2">ddc</subfield>
   <subfield code="4">0</subfield>
   <subfield code="6">615_100000000000000_KEN</subfield>
   <subfield code="7">0</subfield>
   <subfield code="9">67374</subfield>
   <subfield code="a">BRACUL</subfield>
   <subfield code="b">BRACUL</subfield>
   <subfield code="d">2019-12-05</subfield>
   <subfield code="l">0</subfield>
   <subfield code="o">615.1 KEN</subfield>
   <subfield code="r">2019-12-05</subfield>
   <subfield code="w">2019-12-05</subfield>
   <subfield code="y">EBK</subfield>
  </datafield>
 </record>
</collection>
